000 00564nam 22001933 4500
001 201578
010 _a972-21-0403-9
021 _aPT
_b24465/88
090 _a201578
100 _a20260330d u||y0pory50 ba
200 _aDicionário de Camilo Castelo Branco
_fAlexandre Cabral
210 _a[Lisboa]
_cCaminho
_dimp.1988
215 _a673 p.
_cil. ; encadernado
_d25 cm
606 _93661
_aCrítica Literária.Estudos Literários
675 _a82.09
_vPT
_zpor
700 _98521
_aCabral
_bAlexandre
_f1917-1996
801 _aPT
_bBMMN
_gRPC
830 _cVanda
990 _cLIVROS